| 000 | 00724nam a2200181Ia 4500 | ||
|---|---|---|---|
| 008 | 100921s9999 xx 000 0 und d | ||
| 082 |
_b27957 _a808.068 थ 95 |
||
| 100 | _aभावे अनंत. | ||
| 245 | _aअग्गड हत्ती तग्गड बंब. | ||
| 260 |
_bअक्षर प्रकाशन, मुंबई. _c1995 |
||
| 300 |
_a22 _bरसिक साहित्य,पुणे |
||
| 365 | _b30 | ||
| 520 | _aललित-बालवाङ्रमय. | ||
| 630 | _aअग्गड हत्ती तग्गड बंब. | ||
| 650 | _aललित-बालवाङ्रमय. | ||
| 730 | _aअग्गड हत्ती तग्गड बंब. | ||
| 942 | _cBOOK | ||
| 999 |
_c777070 _d777067 |
||